000 03254nam a22003973i 4500
001 EBC1962351
003 MiAaPQ
005 20240130130805.0
007 cr cnu||||||||
008 240128s2014 xx o ||||0 eng d
020 _a9780748670130
_q(electronic bk.)
020 _z9780748670123
040 _aMiAaPQ
_beng
_cMiAaPQ
245 1 4 _aThe long 1890s in Egypt :
_bcolonial quiescence, subterranean resistance
_cedited by Marilyn Booth and Anthony Gorman
264 1 _aEdinburgh :
_bEdinburgh University Press,
_c2014.
264 4 _c©2014.
300 _a1 online resource (449 pages)
336 _aText
_btxt
_2rdacontent
337 _aComputermedien
_bc
_2rdamedia
338 _aOnline Resource
_bcr
_2rdacarrier
500 _aE-Book-ProQuest / Fernzugriff nach Registrierung möglich
505 0 _aIntro -- Title page -- Copyright -- Contents -- The Contributors -- Tables and Figures -- Introduction The Long 1890s in Egypt: Colonial Quiescence, Subterranean Resistance -- I INSTITUTIONALISING AUTHORITY, CLAIMING JURISDICTION AND SPACE -- 1 Documenting Death: Inquests, Governance and Belonging in 1890s Alexandria -- 2 The Scales of Public Utility: Agricultural Roads and State Space in the Era of the British Occupation -- 3 Training Teachers How to Teach: Transnational Exchange and the Introduction of Social-Scientific Pedagogy in 1890s Egypt -- 4 Legitimising Lay and State Authority: Challenging the Coptic Church in Late Nineteenth-Century Egypt -- 5 Criminal Statistics in the Long 1890s -- II CHALLENGING AUTHORITY IN CONTESTED SPACES -- 6 Anomalous Egypt? Rethinking Egyptian Sovereignty at the Western Periphery -- 7 Regulating Sexuality: The Colonial-National Struggle over Prostitution after the British Invasion of Egypt -- 8 Internationalist Thought, Local Practice: Life and Death in the Anarchist Movement in 1890s Egypt -- 9 Cromer's Assault on 'Internationalism': British Colonialism and the Greeks of Egypt, 1882-1907 -- III PROBING AUTHORITY WITH THE WRITTEN WORD -- 10 'And I Saw No Reason to Chronicle My Life': Tensions of Nationalist Modernity in the Memoirs of Fathallah Pasha Barakat -- 11 My Sister Esther: Reflections on Judaism, Ottomanism and Empire in the Works of Farah Antun -- 12 Romances of History: Jurji Zaydan and the Rise of the Historical Novel -- 13 Before Qasim Amin: Writing Women's History in 1890s Egypt -- Bibliography -- Index.
520 _a13 case studies challenge the prevailing view that the 1890s in Egypt was a time of withdrawal and quiescence and, for the first time, gives you a wide ranging and theoretically coherent study of a period that was crucial to the formation of modern Egypt.
650 7 _2gnd
_aKolonialismus
651 7 _2gnd
_aÄgypten
_93579
651 7 _2gnd
_a Großbritannien
_960743
653 _aEgypt -- Politics and government -- 1882-1952.
653 _aEgypt -- History -- British occupation, 1882-1936.
655 _aFernzugriff
_9230
655 4 _aElectronic books.
700 1 _aBooth, Marilyn
_4edt
_eeditor
_939591
700 1 _aGorman, Anthony.
_960661
_4edt
_eeditor
856 4 0 _uhttps://ebookcentral.proquest.com/lib/maxweberstiftung-ebooks/detail.action?docID=1962351
_zVolltext
942 _cEB
_2z
999 _c70253
_d70253